| 000 -LEADER | |
|---|---|
| fixed length control field | 00410nam a22001697a 4500 |
| 005 - DATE AND TIME OF LATEST TRANSACTION | |
| control field | 20160613113511.0 |
| 008 - FIXED-LENGTH DATA ELEMENTS--GENERAL INFORMATION | |
| fixed length control field | 160613b xxu||||| |||| 00| 0 eng d |
| 020 ## - INTERNATIONAL STANDARD BOOK NUMBER | |
| ISBN | 978-93-5014-292-9 |
| 041 ## - LANGUAGE CODE | |
| Language code of text/sound track or separate title | eng |
| 082 ## - DEWEY DECIMAL CLASSIFICATION NUMBER | |
| Item number | 7172 |
| 100 ## - MAIN ENTRY--AUTHOR NAME | |
| Personal name | Kumar. D.S. |
| 245 ## - TITLE STATEMENT | |
| Title | Engineering mechanics (S&D) |
| 260 ## - PUBLICATION, DISTRIBUTION, ETC. (IMPRINT) | |
| Name of publisher | S.K. Kastries Books |
| Year of publication | 2003 |
| 300 ## - PHYSICAL DESCRIPTION | |
| Number of Pages | 778 |
| 650 ## - SUBJECT ADDED ENTRY--TOPICAL TERM | |
| Topical Term | DIPLOMA ENGINEERING |
| 942 ## - ADDED ENTRY ELEMENTS (KOHA) | |
| Koha item type | Books |
| Lost status | Damaged status | Collection code | Home library | Current library | Shelving location | Date acquired | Cost, normal purchase price | Full call number | Accession Number | Koha item type |
|---|---|---|---|---|---|---|---|---|---|---|
| Reference | JRU Library | SHELF -72 - I | 13/06/2016 | 415.00 | 7172 | 7172 | Books | |||
| JRU Library | SHELF-49-J | 13/06/2016 | 415.00 | 7172 | 7173 | Books | ||||
| MECHANICAL ENGINEERING | JRU Library | JRU Library | SHELF- 95-B | 13/06/2016 | 415.00 | 7172 | 7174 | Books | ||
| JRU Library | SHELF-49-J | 13/06/2016 | 415.00 | 7172 | 7175 | Books | ||||
| MECHANICAL ENGINEERING | JRU Library | JRU Library | SHELF- 95-B | 13/06/2016 | 415.00 | 7172 | 7176 | Books |